Inglês - Statistics

Estatísticas Gerais
  • Esse quiz foi jogado 734 vezes
  • A pontuação média é 14 de 15
Estatísticas das Respostas
Hint Resposta % Correto
Amar Love
100%
Livro Book
99%
Cão Dog
99%
Vermelho Red
99%
Branco White
99%
Sim Yes
99%
Abrir Open
98%
Flores Flowers
97%
Beijos Kisses
94%
Ser To be
92%
Anel Ring
89%
Vestido Dress
88%
Viajar Travel
83%
Ouvir Listen
81%
Querida Darling
56%
Nenhum quiz correspondente encontrado
Distribuição das Pontuações
Porcentagem de Pessoas com Cada Pontuação
Percentil de Números Respondidos
Sua Pontuação Histórica
Você não jogou esse quiz